• 首页
  • 本馆介绍
  • 公告通知
  • 最新文献
  • 馆藏检索
  • 电子资源
  • 读者导购
  • 参考咨询
  • 我的图书馆
  • 登录
  • 详细信息显示
  • 放入我的书架
  • 预约/预借图书
  • 作者相关作品
  • 分类相关作品
  • 丛书相关作品
  • 出版社相关作品

书目信息

  • 表格格式
  • 工作单格式
  • 卡片格式
题名:
水产动物组织胚胎学
    
 
作者: 李霞主编李霞 主编
分册:  
出版信息: 北京   中国农业出版社  2019.02
页数: 299页
开本: 26cm
丛书名:
单 册:
中图分类: S917.4
科图分类:
主题词: 渔业--基础科学
电子资源:
ISBN: 7-109-25234-5
000 00637nam0 2200205 450
001 359263605
005 20230216163313.04
010    @a7-109-25234-5@dCNY44.50
100    @a20230216d2019 km y0chiy0120 ea
101 0  @achi
102    @aCN@b110000
200 1  @a水产动物组织胚胎学@AShui Chan Dong Wu Zu Zhi Pei Tai Xue@f李霞主编
210    @a北京@c中国农业出版社@d2019.02
215    @a299页@d26cm
606 0  @a渔业@x基础科学
690    @aS917.4@v4
701  0 @a李霞主编李霞@ALi Xia Zhu Bian Li Xia@4主编
801  0 @aCN@b大连网信软件有限公司图书馆·11@c20230216
905    @aZUCC@dS917.4@e64
李?  < font color ='#ff0000'>@a贾鞅?FLi Xia Zhu Bian Li Xia Zhu Bian
    
    水产动物组织胚胎学/李霞主编.-北京:中国农业出版社,2019.02
    299页;26cm
    
    
    ISBN 7-109-25234-5:CNY44.50
    
●
相关链接 在E读中查询图书 在五车中查询图书 在当当中查询图书 在豆瓣中查询图书


正题名:水产动物组织胚胎学     索取号:S917.4/64         预约/预借

序号 登录号 条形码 馆藏地/架位号 状态 备注
1 1052682   210526821   第二样本阅览室/ [索取号:S917.4/64] 在馆    
唐山师范学院图书馆 欢迎您!
大连网信软件有限公司© 版权所有